<?xml version="1.0" encoding="UTF-8"?>
<record
    xmlns:xsi="http://www.w3.org/2001/XMLSchema-instance"
    xsi:schemaLocation="http://www.loc.gov/MARC21/slim http://www.loc.gov/standards/marcxml/schema/MARC21slim.xsd"
    xmlns="http://www.loc.gov/MARC21/slim">

  <leader>01448naa a2200217 i 4500</leader>
  <controlfield tag="001">161</controlfield>
  <controlfield tag="003">BPK</controlfield>
  <controlfield tag="005">20191005093907.0</controlfield>
  <controlfield tag="008">151208s2001    bw     f     |100 0 eng d</controlfield>
  <datafield tag="040" ind1=" " ind2=" ">
    <subfield code="c">BPK</subfield>
    <subfield code="d">KOSZ 005/HR</subfield>
  </datafield>
  <datafield tag="041" ind1=" " ind2=" ">
    <subfield code="a">eng</subfield>
  </datafield>
  <datafield tag="080" ind1=" " ind2=" ">
    <subfield code="a">621.3.037.37</subfield>
  </datafield>
  <datafield tag="100" ind1="1" ind2=" ">
    <subfield code="a">Maslennikow, Oleg</subfield>
    <subfield code="d">1996 - 2010.</subfield>
    <subfield code="b">Politechnika Koszali&#x144;ska - Wydzia&#x142; Elektroniki,</subfield>
    <subfield code="c">Katedra In&#x17C;ynierii Komputerowej</subfield>
  </datafield>
  <datafield tag="245" ind1="1" ind2="0">
    <subfield code="a">CAD-environment for deriving dependence graphs of regular algorithms and their mapping on to FPGA-based ASIC architectures /</subfield>
    <subfield code="c">Oleg Maslennikow.</subfield>
  </datafield>
  <datafield tag="500" ind1=" " ind2=" ">
    <subfield code="a">Dane z Informatora o publikowanych wynikach prac naukowo-badawczych w 2001 roku Wydzia&#x142;u Elektroniki.</subfield>
  </datafield>
  <datafield tag="520" ind1=" " ind2=" ">
    <subfield code="a">Grant KBN nr 7T11B 004 20. In this paper, the simple and feasible for CAD implementation method for deriving dependence graphs of regular algorithms, as well as several examples of desired graph transformations are represented, which allow together with known mapping methods, to derive the architectures of application specific parallel systems with desired features.</subfield>
  </datafield>
  <datafield tag="655" ind1=" " ind2="0">
    <subfield code="a">Materia&#x142;y konferencyjne.</subfield>
  </datafield>
  <datafield tag="711" ind1=" " ind2=" ">
    <subfield code="a">International Conference Computer-Aided Design of Discrete Devices</subfield>
    <subfield code="n">(4 ;</subfield>
    <subfield code="d">2001 ;</subfield>
    <subfield code="c">Minsk, Belarus).</subfield>
    <subfield code="p">CAD DD`2001</subfield>
  </datafield>
  <datafield tag="773" ind1="0" ind2=" ">
    <subfield code="i">W :</subfield>
    <subfield code="t">Fourth International Conference Computer-Aided Design of Discrete Devices, CAD DD '2001 : Minsk, Repblic of Belarus, November 14 - 16. -</subfield>
    <subfield code="g">2001, pp. 113-120.</subfield>
    <subfield code="z">9789856453680</subfield>
  </datafield>
  <datafield tag="942" ind1=" " ind2=" ">
    <subfield code="c">ROZ</subfield>
    <subfield code="2">UKD</subfield>
  </datafield>
  <datafield tag="999" ind1=" " ind2=" ">
    <subfield code="c">161</subfield>
    <subfield code="d">161</subfield>
  </datafield>
</record>
